00680nam a2200217Ia 4500003000400000005001700004008004100021020001800062040000700080041000800087082001600095100003100111245003100142260003900173300001200212365001300224906003700237942001200274999001900286952015700305OSt20230420152216.0210423s2008 xx 000 0 und d a9780141037370 cAL aeng a823.08 BROC aBRONTE (Charlotte).991158 aCharlolte bronte Jane Eyre aNew DelhibPenguin Books Ltdc2008 a591bPB b199cINR abronte ; Charlolte ; Eyre ; Jane 2ddccBK c160350d160350 001040708MAENGaSACPGbSACPGd2011-11-24eHigginbothams Pvt Ltdg199.00l3m1o823.08 BROCpPG006829r2022-08-24 00:00:00s2022-03-18w2021-04-26yBK